| 000 | 00000nam 2200000za 4500 |
| 001 | 9.855119 |
| 003 | CaOODSP |
| 005 | 20221107155226 |
| 007 | cr ||||||||||| |
| 008 | 180412s2018 qucad ob f000 0 fre d |
| 020 | |a9780660262314 |
| 040 | |aCaOODSP|bfre |
| 043 | |an-cn--- |
| 086 | 1 |aEn4-326/2018F-PDF |
| 245 | 00|aRésultats estimés du système fédéral de tarification de la pollution par le carbone |h[ressource électronique]. |
| 260 | |a[Gatineau, QC] : |bEnvironnement et changement climatique Canada, |cc2018. |
| 300 | |a14 p. : |bgraph. en coul., ill. en coul. |
| 500 | |aPubl. aussi en anglais sous le titre : Estimated results of the federal carbon pollution pricing system. |
| 500 | |aTitre de départ. |
| 500 | |aPubl. aussi en format HTML. |
| 504 | |aComprend des références bibliographiques. |
| 520 | |a« Cette analyse examine les effets sur les émissions et l’économie d’un scénario illustratif dans lequel les quatre provinces ayant actuellement des systèmes de tarification – la Colombie-Britannique, l’Alberta, l’Ontario et le Québec, où résident 80 pour cent de la population du Canada – respectent la norme fédérale jusqu’en 2022, et les neuf autres provinces et territoires mettent en Ĺ“uvre le système fédéral de tarification du carbone » -- Principaux résultats, p. 1. |
| 693 | 4|aCompensation des émissions de carbone |
| 693 | 4|aPolitique gouvernementale |
| 710 | 1 |aCanada. |bEnvironnement et changement climatique Canada. |
| 775 | 08|tEstimated results of the federal carbon pollution pricing system |w(CaOODSP)9.855117 |
| 856 | 40|qPDF|s569 Ko|uhttps://publications.gc.ca/collections/collection_2018/eccc/En4-326-2018-fra.pdf |
| 856 | 4 |qHTML|sS.O.|uhttps://www.canada.ca/fr/services/environnement/meteo/changementsclimatiques/action-pour-climat/tarification-pollution-carbone/resultats-estimes-systeme-federal.html |